| 000 | 00868nam a22002897a 4500 | ||
|---|---|---|---|
| 003 | CHAP | ||
| 005 | 20220329135137.0 | ||
| 008 | 971013s1979 r 00010 d | ||
| 010 | _a31598 | ||
| 011 | _a32570 | ||
| 035 | _a36685 | ||
| 040 | _cCHAP | ||
| 082 |
_a624.151 _bC7 |
||
| 100 | 0 | 0 |
_aCrespo Villalaz, Carlos. _928907 |
| 245 | _aMecánica de suelos y cimentaciones | ||
| 260 |
_aMéxico, D.F. : _bLimusa, _c1979 |
||
| 300 |
_a577 p. _b: ilus. ; gráfs. |
||
| 590 |
_aBATCH-UPD _b10 _c20130110 _lUCH01 _h1704 |
||
| 590 |
_aBATCH-UPD _b10 _c20130410 _lUCH01 _h1051 |
||
| 590 |
_aBATCH-UPD _b10 _c20130914 _lUCH01 _h0939 |
||
| 590 |
_aCONVERSION _b10 _c20130109 _lUCH01 _h1318 |
||
| 650 | 1 | 4 |
_aCimientos. _923308 |
| 650 | 1 | 4 |
_aMecánica de suelos. _973824 |
| 901 | _aBK | ||
| 942 | _cLIBRO | ||
| 949 |
_a624.151 C7 _bBC _cLIBRO _d-84467 _eLIBRO _h61153 _i36685 _si _t552.00 |
||
| 999 |
_c31598 _d31598 |
||